| 000 | 01246nam a2200313 ia4500 | ||
|---|---|---|---|
| 003 | OSt | ||
| 005 | 20260409123937.0 | ||
| 008 | 260409s2025 nyua jrb 000 0 eng d | ||
| 020 |
_a9780241742952 _cRM 98.90 _qhardback |
||
| 040 |
_aPPAK _beng _cPPAK _erda |
||
| 082 | 0 | 4 |
_223 _a152.4 |
| 090 | 0 | 0 |
_a152.4 _bSIM _dK |
| 100 | 1 |
_aSimpson, Nakita, _eauthor. |
|
| 245 | 1 | 0 |
_aa kids book about emotions / _cby Nakita Simpson |
| 246 | 3 | 0 | _aEmotions |
| 250 | _aFirst American edition | ||
| 264 | 1 |
_aNew York : _bDK Publishing, _c[2025] |
|
| 300 |
_a1 volume (unpaged) : _billustrations (black and white) ; _c26 cm |
||
| 336 |
_atext _2rdacontent |
||
| 337 |
_aunmediated _2rdamedia |
||
| 338 |
_avolume _2rdacarrier |
||
| 490 | 1 | _aa kids book about | |
| 500 | _aBook includes coloring activities and writing prompts. | ||
| 520 |
_a"We all have them, they're all different, and they're rarely simple. This book helps kids explore the complexities of their emotions by telling stories, asking questions, and coloring activities made for self-exploration. What color do you feel like today?"-- _cPublisher |
||
| 521 | 1 | _aAges 5+ | |
| 650 | 1 | 0 |
_aEmotions _vJuvenile literature |
| 830 | 0 | _aa kids book about | |
| 942 |
_2ddc _cB |
||
| 999 |
_c203778 _d203778 |
||